The late great planet earth, (Record no. 4903)

MARC details
000 -LEADER
fixed length control field 00747cam a2200253 4500
001 - CONTROL NUMBER
control field 2657754
003 - CONTROL NUMBER IDENTIFIER
control field GBCCL
005 - DATE AND TIME OF LATEST TRANSACTION
control field 20241126110529.0
008 - FIXED-LENGTH DATA ELEMENTS--GENERAL INFORMATION
fixed length control field 700720s1970 miub b 000 0 engd
010 ## -
-- 71122967
040 ## - CATALOGING SOURCE
Original cataloging agency DLC
Transcribing agency DLC
Modifying agency DLC
050 00 -
-- BS647.2
-- .L5
082 00 - DEWEY DECIMAL CLASSIFICATION NUMBER
Classification number 220.15
Item number LIN
100 1# - MAIN ENTRY--PERSONAL NAME
Personal name Lindsey, Hal.
9 (RLIN) 271
245 14 - TITLE STATEMENT
Title The late great planet earth,
Statement of responsibility, etc. by Hal Lindsey, with C. C. Carlson.
260 ## - PUBLICATION, DISTRIBUTION, ETC.
Place of publication, distribution, etc. Grand Rapids,
Name of publisher, distributor, etc. Zondervan
Date of publication, distribution, etc. [1970]
300 ## - PHYSICAL DESCRIPTION
Extent 192 p.
Other physical details maps.
Dimensions 22 cm.
350 ## - PRICE (NR) (BK AM CF MU VM SE) [OBSOLETE]
Price 3.95
504 ## - BIBLIOGRAPHY, ETC. NOTE
Bibliography, etc. note Includes bibliographical references.
630 #0 - SUBJECT ADDED ENTRY--UNIFORM TITLE
Uniform title Bible
General subdivision Prophecies.
9 (RLIN) 457
700 1# - ADDED ENTRY--PERSONAL NAME
Personal name Carlson, Carole C.,
Relator term joint author.
9 (RLIN) 273
906 ## - LOCAL DATA ELEMENT F, LDF (RLIN)
a 7
b cbc
c orignew
d 2
e ncip
f 19
g y-gencatlg
942 ## - ADDED ENTRY ELEMENTS (KOHA)
Source of classification or shelving scheme Dewey Decimal Classification
Koha item type Books
Koha issues (borrowed), all copies 1
Holdings
Withdrawn status Lost status Source of classification or shelving scheme Damaged status Not for loan Home library Current Library Shelving location Date acquired Total checkouts Full call number Barcode Date last seen Copy number Price effective from Koha item type Date last checked out
    Dewey Decimal Classification     GRACE BIBLE COLLEGE GRACE BIBLE COLLEGE Biblical Studies 2018-02-15   220.15 LIN 002218 2025-05-01 c.10 2018-02-15 Books  
    Dewey Decimal Classification     GRACE BIBLE COLLEGE GRACE BIBLE COLLEGE Biblical Studies 2018-02-23   220.15 LIN 002209 2025-05-01 c.1 2018-02-23 Books  
    Dewey Decimal Classification     GRACE BIBLE COLLEGE GRACE BIBLE COLLEGE Biblical Studies 2018-02-23   220.15 LIN 002210 2025-05-01 c.2 2018-02-23 Books  
    Dewey Decimal Classification     GRACE BIBLE COLLEGE GRACE BIBLE COLLEGE Biblical Studies 2018-02-23   220.15 LIN 002211 2025-05-01 c.3 2018-02-23 Books  
    Dewey Decimal Classification     GRACE BIBLE COLLEGE GRACE BIBLE COLLEGE Biblical Studies 2018-02-23   220.15 LIN 002212 2025-05-01 c.4 2018-02-23 Books  
    Dewey Decimal Classification     GRACE BIBLE COLLEGE GRACE BIBLE COLLEGE Biblical Studies 2018-02-23   220.15 LIN 002213 2025-05-01 c.5 2018-02-23 Books  
    Dewey Decimal Classification     GRACE BIBLE COLLEGE GRACE BIBLE COLLEGE Biblical Studies 2018-02-23 1 220.15 LIN 002214 2025-05-01 c.6 2018-02-23 Books 2022-09-08
    Dewey Decimal Classification     GRACE BIBLE COLLEGE GRACE BIBLE COLLEGE Biblical Studies 2018-02-23   220.15 LIN 002215 2025-05-01 c.7 2018-02-23 Books  
    Dewey Decimal Classification     GRACE BIBLE COLLEGE GRACE BIBLE COLLEGE Biblical Studies 2018-02-23   220.15 LIN 002216 2025-05-01 c.8 2018-02-23 Books  
    Dewey Decimal Classification     GRACE BIBLE COLLEGE GRACE BIBLE COLLEGE Biblical Studies 2018-02-23   220.15 LIN 002217 2025-05-01 c.9 2018-02-23 Books  
© Grace Bible College Library 2025